Science Quiz

Random Science or Elements Quiz

One-Vowel Elements Quiz Stats

 Plays Quiz Updated Jan 9, 2015

Challenge
Share
Tweet
Embed
Score 0/5 Timer 01:30
1 Play Today
Element % Correct
Gold
84.7%
Tin
72.9%
Boron
65.8%
Zinc
60.7%
Sulfur
31.9%

You're not logged in!

Compare scores with friends on all Sporcle quizzes.
Join for Free
OR
Log In

You Might Also Like...

Show Comments

Extras

Top Quizzes Today


Score Distribution

Your Account Isn't Verified!

In order to create a playlist on Sporcle, you need to verify the email address you used during registration. Go to your Sporcle Settings to finish the process.

Report this User

Report this user for behavior that violates our Community Guidelines.

Details: